书目信息 |
| 题名: |
飞鸟集
|
|
| 作者: | 泰戈尔 著 ;朱丽敏, 译 | |
| 分册: | ||
| 出版信息: | 北京 中国书店 2019.07 |
|
| 页数: | 205页 | |
| 开本: | 22cm | |
| 丛书名: | ||
| 单 册: | ||
| 中图分类: | H319.4:I351.25 | |
| 科图分类: | ||
| 主题词: | 诗集--shi ji--印度--现代--英语--汉语--对照读物 | |
| 电子资源: | ||
| ISBN: | 978-7-5149-2219-6 | |
| 000 | 01175nam0 2200289 450 | |
| 001 | CAL 0120192808609 | |
| 005 | 20190805173355.5 | |
| 010 | @a978-7-5149-2219-6@dCNY42.00 | |
| 100 | @a20190805d2019 em y0chiy50 ea | |
| 101 | 1 | @achi@cinc |
| 102 | @aCN@b110000 | |
| 105 | @aa z 000gy | |
| 106 | @ar | |
| 200 | 1 | @a飞鸟集@Afei niao ji@d= Stray birds@f(印度) 泰戈尔著@F( yin du ) tai ge er zhu@g朱丽敏译@zeng |
| 205 | @a汉英双语 彩绘珍藏版 | |
| 210 | @a北京@c中国书店@d2019.07 | |
| 215 | @a205页@c彩图@d22cm | |
| 314 | @a泰戈尔, 享誉世界的印度著名诗人、文学家和哲学家和社会活动家。朱丽敏, 强化大学艺术学博士。 | |
| 330 | @a《飞鸟集》是泰戈尔的一部哲理诗集, 由翻译家郑振铎先生翻译。包括三百余首哲理小诗, 绝大多数的诗只有一两行, 或者捕捉一个自然景观, 或者述说一个事理。是诗人在日常生活中的感触、思考、情思的片段的记录。 | |
| 510 | 1 | @aStray birds@zeng |
| 586 | @a | |
| 606 | 0 | @a诗集@Ashi ji@y印度@z现代@x英语@x汉语@j对照读物 |
| 690 | @aH319.4:I351.25@v5 | |
| 701 | 1 | @a泰戈尔@Atai ge er@g(Tagore, Rabindranath),@f1861-1941@4著 |
| 702 | 0 | @a朱丽敏,@Azhu li min@f1971-@4译 |
| 801 | 0 | @aCN@c20190805 |
| 905 | @a河南城建学院图书馆@dH319.4:I351.25@eT082@f2 | |
| 飞鸟集= Stray birds/(印度) 泰戈尔著/朱丽敏译.-汉英双语 彩绘珍藏版.-北京:中国书店,2019.07 |
| 205页:彩图;22cm |
| ISBN 978-7-5149-2219-6:CNY42.00 |
| 《飞鸟集》是泰戈尔的一部哲理诗集, 由翻译家郑振铎先生翻译。包括三百余首哲理小诗, 绝大多数的诗只有一两行, 或者捕捉一个自然景观, 或者述说一个事理。是诗人在日常生活中的感触、思考、情思的片段的记录。 |
| ● |
| 相关链接 |
|
|
|
正题名:飞鸟集
索取号:H319.4:I351.25/T082
 
预约/预借
| 序号 | 登录号 | 条形码 | 馆藏地/架位号 | 状态 | 备注 |
| 1 | 1414707 | 214147074 | 语言库209/209语言库 56排1列2层/ [索取号:H319.4:I351.25/T082] | 在馆 | |
| 2 | 1414708 | 214147083 | 语言库209/209语言库 56排1列2层/ [索取号:H319.4:I351.25/T082] | 在馆 |